000 00580nam a2200229Ia 4500
003 OSt
005 20220926015652.0
006 a|||||r|||| 00| 0
007 ta
008 220923b |||||||| |||| 00| 0 eng d
037 _cGeneral Book
040 _aRTL
_cRTL
_beng
041 _2eng
_aeng
082 _aB, J8
100 _aCamm F J
_9322892
245 0 _aMathematical tables and formulae
250 _a6
260 _aNew York
_bPhilosiphical library
_c1958
300 _a144p
_ccm.
942 _hB, J8
_cGB
_2CC
999 _c632223
_d632223